[Event "?"]
[Site "?"]
[Date "1998.??.??"]
[Round "8.1"]
[White "Ivkov, B."]
[Black "Lein, A."]
[Result "1/2-1/2"]
[WhiteElo "2440"]
[BlackElo "2460"]
[PlyCount "28"]
[EventDate "1998.??.??"]

1. d4 d5 2. c4 e6 3. Nc3 Be7 4. Nf3 Nf6 5. Bg5 Ne4 6. Bxe7 Qxe7 7. Qc2 Nxc3 8.
Qxc3 c6 9. e3 Nd7 10. Bd3 O-O 11. O-O dxc4 12. Bxc4 b6 13. Be2 Bb7 14. Rac1
Rfc8 1/2-1/2

[Event "?"]
[Site "?"]
[Date "1998.??.??"]
[Round "8.2"]
[White "Braun, G."]
[Black "Bagirov, V."]
[Result "0-1"]
[WhiteElo "2325"]
[BlackElo "2480"]
[PlyCount "108"]
[EventDate "1998.??.??"]

1. e4 Nf6 2. e5 Nd5 3. Nf3 d6 4. d4 Bg4 5. Be2 Nc6 6. c4 Nb6 7. e6 fxe6 8. Be3
g6 9. Ng5 Bxe2 10. Qxe2 Qd7 11. Nd2 Bg7 12. Ndf3 e5 13. d5 Nd8 14. Rd1 h6 15.
Ne4 Qg4 16. Bc1 O-O 17. O-O Rxf3 18. Qxf3 Qxf3 19. gxf3 Nxc4 20. b3 Nb6 21. Be3
e6 22. Bxb6 axb6 23. a4 exd5 24. Rxd5 Ne6 25. Rc1 Bf8 26. Rd3 Be7 27. Kf1 Kf7
28. Ke1 Rd8 29. Rcd1 Nf4 30. Re3 Ng2+ 31. Ke2 Nxe3 32. fxe3 d5 33. Nf2 Ke6 34.
Rg1 Rg8 35. Rc1 c6 36. e4 Bc5 37. Nd3 Kd6 38. h3 Bd4 39. Rc2 g5 40. Kf1 Ra8 41.
Kg2 dxe4 42. fxe4 c5 43. Kf3 Ra5 44. Nc1 b5 45. axb5 Rxb5 46. Ra2 Rb6 47. Ke2
Kc7 48. Rc2 Rf6 49. Nd3 Kb6 50. Ra2 Rf8 51. Ra4 h5 52. Rc4 Kb5 53. Rc1 g4 54.
hxg4 hxg4 0-1

[Event "?"]
[Site "?"]
[Date "1998.??.??"]
[Round "8.3"]
[White "Klovans, J."]
[Black "Chernikov, O."]
[Result "1/2-1/2"]
[WhiteElo "2465"]
[BlackElo "2405"]
[PlyCount "68"]
[EventDate "1998.??.??"]

1. e4 c5 2. Nf3 Nc6 3. d4 cxd4 4. Nxd4 Nf6 5. Nc3 d6 6. Bg5 g6 7. Bxf6 exf6 8.
Bc4 Bg7 9. Ndb5 O-O 10. Qxd6 f5 11. O-O-O Qg5+ 12. f4 Qh6 13. Kb1 fxe4 14. Nxe4
Bg4 15. Rde1 a6 16. Nbc3 Rad8 17. Nf6+ Kh8 18. Nxg4 Qh4 19. Qc5 Qxg4 20. Qg5
Qxg5 21. fxg5 b5 22. Bb3 Bxc3 23. bxc3 Rd2 24. g3 Kg7 25. h4 Na5 26. Rhf1 Nc4
27. Bxc4 bxc4 28. Re4 Rg2 29. Rxc4 Rxg3 30. Ra4 Rxc3 31. Rxa6 Rc4 32. Rh1 Re8
33. Ra3 Re2 34. Rf1 Rcxc2 1/2-1/2

[Event "?"]
[Site "?"]
[Date "1998.??.??"]
[Round "8.5"]
[White "Shestoperov, A."]
[Black "Kraidman, Y."]
[Result "0-1"]
[WhiteElo "2415"]
[BlackElo "2335"]
[PlyCount "42"]
[EventDate "1998.??.??"]

1. d4 Nf6 2. Nf3 g6 3. Bg5 Bg7 4. c3 d5 5. Nbd2 c6 6. e3 O-O 7. Be2 Nbd7 8. O-O
Re8 9. Bh4 Qb6 10. Qb3 e5 11. c4 exd4 12. Nxd4 Ne4 13. N2f3 g5 14. Bg3 g4 15.
Nh4 Bxd4 16. Qd3 Nxg3 17. hxg3 Bg7 18. cxd5 Ne5 19. Qd2 cxd5 20. a4 Ng6 21. Bb5
Rd8 0-1

[Event "?"]
[Site "?"]
[Date "1998.??.??"]
[Round "8.6"]
[White "Suetin, A."]
[Black "Golyak, I."]
[Result "1/2-1/2"]
[WhiteElo "2400"]
[BlackElo "2290"]
[PlyCount "187"]
[EventDate "1998.??.??"]

1. e4 Nf6 2. e5 Nd5 3. d4 d6 4. c4 Nb6 5. f4 dxe5 6. fxe5 Nc6 7. Be3 Bf5 8. Nc3
e6 9. Nf3 Be7 10. Be2 O-O 11. O-O f6 12. exf6 Bxf6 13. Qd2 Qe7 14. Rad1 Rad8
15. Qc1 h6 16. Rd2 Rd7 17. Kh1 Rfd8 18. Rfd1 Bh7 19. b3 Kh8 20. Bf2 a6 21. Bf1
Qf7 22. h3 e5 23. d5 Nd4 24. Nxd4 exd4 25. Bxd4 Bg5 26. Qb2 Bxd2 27. Qxd2 Qg6
28. Be2 Nc8 29. Bg4 Re7 30. Ne2 Nd6 31. Nf4 Qg5 32. Ne6 Qxd2 33. Rxd2 Rde8 34.
Kh2 Kg8 35. Be5 b6 36. Rb2 Bg6 37. Bg3 Bf7 38. Nxc7 Rxc7 39. Bxd6 Rb7 40. Bf3
Rd7 41. Bg3 a5 42. Rd2 Re3 43. Bf2 Rxf3 44. gxf3 b5 45. Rd4 a4 46. d6 axb3 47.
axb3 bxc4 48. bxc4 Be8 49. Re4 Kf8 50. c5 Rf7 51. f4 Bc6 52. Rb4 Ke8 53. Be3
Kd7 54. Rb6 g6 55. h4 Be4 56. Rb8 h5 57. Kg3 Kc6 58. Rc8+ Kd7 59. Rg8 Kc6 60.
Rc8+ Kd7 61. Rb8 Kc6 62. Kf2 Rb7 63. Rc8+ Kd7 64. Rg8 Bf5 65. Bd4 Kc6 66. Re8
Kd5 67. Be3 Kc6 68. Ke1 Rb1+ 69. Kd2 Rb2+ 70. Kc3 Rc2+ 71. Kd4 Rxc5 72. Re5
Rxe5 73. fxe5 Kd7 74. Bg5 Bc2 75. Bf6 Bb1 76. Ke3 Ke6 77. Kf4 Bf5 78. Kg5 Kf7
79. Kh6 Be6 80. Bd8 Bf5 81. Kg5 Ke6 82. Bc7 Kf7 83. Kf4 Ke6 84. Ke3 Kd5 85. Bb8
Ke6 86. Kd4 Kd7 87. Kc5 Bc2 88. Kb5 Bb1 89. Ba7 Bc2 90. Be3 Bf5 91. Bg5 Bc2 92.
Kb6 Bb1 93. Kb7 Be4+ 94. Kb8 1/2-1/2

[Event "?"]
[Site "?"]
[Date "1998.??.??"]
[Round "8.9"]
[White "Gruzmann, B."]
[Black "Baumgartner, H."]
[Result "1/2-1/2"]
[WhiteElo "2260"]
[BlackElo "2300"]
[PlyCount "59"]
[EventDate "1998.??.??"]

1. e4 e5 2. Nf3 Nc6 3. Bb5 f5 4. Nc3 fxe4 5. Nxe4 Nf6 6. Nxf6+ Qxf6 7. O-O Nd4
8. Nxd4 exd4 9. Re1+ Be7 10. Qh5+ g6 11. Qh6 c6 12. Bf1 Kf7 13. d3 d5 14. g3
Bf8 15. Qd2 Bd6 16. c4 dxc3 17. bxc3 Bg4 18. Qb2 b6 19. Bg2 Rhe8 20. Be3 Bf3
21. Bd4 Qf5 22. Bxf3 Qxf3 23. Re3 Rxe3 24. fxe3 Kg8 25. Rf1 Qg4 26. e4 Rf8 27.
Rxf8+ Bxf8 28. exd5 cxd5 29. Qb5 Qe6 30. Qa6 1/2-1/2

[Event "?"]
[Site "?"]
[Date "1998.??.??"]
[Round "8.10"]
[White "Rosen, W."]
[Black "Jugow, A."]
[Result "1-0"]
[WhiteElo "2300"]
[BlackElo "2265"]
[PlyCount "59"]
[EventDate "1998.??.??"]

1. e4 c5 2. Nf3 Nc6 3. d4 cxd4 4. Nxd4 Nf6 5. Nc3 d6 6. Be2 e6 7. O-O Be7 8.
Be3 a6 9. f4 O-O 10. Kh1 Qc7 11. a4 Na5 12. Qd3 d5 13. exd5 exd5 14. Nf5 Bxf5
15. Qxf5 Nc4 16. Bd4 Rfe8 17. Bxf6 Bxf6 18. Bd3 Ne3 19. Qxh7+ Kf8 20. Rae1 Qb6
21. Qh8+ Ke7 22. Qh3 d4 23. Nd1 Kd6 24. Nxe3 dxe3 25. Rxe3 Qxb2 26. Be4 Rac8
27. Rb3 Qa2 28. Rxb7 Qxa4 29. Rd1+ Kc5 30. Qf5+ 1-0

[Event "?"]
[Site "?"]
[Date "1998.??.??"]
[Round "8.11"]
[White "Titz, H."]
[Black "Zoltek, T."]
[Result "0-1"]
[WhiteElo "2222"]
[BlackElo "2285"]
[PlyCount "44"]
[EventDate "1998.??.??"]

1. e4 c5 2. d4 cxd4 3. c3 Nf6 4. Qxd4 Nc6 5. Qa4 g6 6. Nf3 Bg7 7. Bf4 O-O 8.
Nbd2 d5 9. Rd1 Bd7 10. Qc2 Rc8 11. exd5 Nxd5 12. Bg5 h6 13. Bc4 hxg5 14. Bxd5
g4 15. Bxc6 Rxc6 16. Ng5 Qa5 17. Nge4 Bf5 18. O-O Re6 19. f3 gxf3 20. gxf3 Qxa2
21. Nb3 Bxe4 22. fxe4 Rb6 0-1

[Event "?"]
[Site "?"]
[Date "1998.??.??"]
[Round "8.12"]
[White "Reichenbach, W."]
[Black "Lieb, H."]
[Result "0-1"]
[WhiteElo "2280"]
[BlackElo "2230"]
[PlyCount "62"]
[EventDate "1998.??.??"]

1. e4 e6 2. d4 d5 3. Nd2 Nf6 4. e5 Nfd7 5. f4 c5 6. c3 Nc6 7. Ndf3 Qb6 8. g3
cxd4 9. cxd4 Bb4+ 10. Kf2 g5 11. h3 f6 12. Kg2 gxf4 13. Bxf4 fxe5 14. Nxe5
Ndxe5 15. dxe5 O-O 16. Nf3 Be7 17. h4 Bd7 18. Bd3 Be8 19. Qb1 Bh5 20. Bxh7+ Kh8
21. Rf1 Rxf4 22. gxf4 Qe3 23. Ng5 Qe2+ 24. Rf2 Qg4+ 25. Kf1 Bc5 26. Bg6 Bxf2
27. Bxh5 Qxh5 28. Kxf2 Rf8 29. Kg3 Nd4 30. Qd3 Ne2+ 31. Kh2 Rxf4 0-1

[Event "?"]
[Site "?"]
[Date "1998.??.??"]
[Round "8.13"]
[White "Semasev, K."]
[Black "Ljuboshitz, A."]
[Result "1-0"]
[WhiteElo "2275"]
[BlackElo "2210"]
[PlyCount "107"]
[EventDate "1998.??.??"]

1. e4 e5 2. Nf3 Nc6 3. Bb5 g6 4. c3 a6 5. Ba4 d6 6. d4 Bd7 7. O-O Bg7 8. dxe5
Nxe5 9. Nxe5 dxe5 10. Bg5 Ne7 11. Bxd7+ Qxd7 12. Qb3 Qb5 13. Qxb5+ axb5 14. Na3
c6 15. Rfd1 f6 16. Be3 Nc8 17. c4 Bf8 18. cxb5 Bxa3 19. bxc6 bxc6 20. bxa3 Rxa3
21. Bc5 Ra5 22. Bb4 Rb5 23. Rab1 Nb6 24. a3 Na4 25. f3 f5 26. exf5 gxf5 27.
Rbc1 c5 28. Rd5 Kf7 29. Rxe5 Kf6 30. Rexc5 Nxc5 31. Bc3+ Kg5 32. Bxh8 Nd3 33.
Ra1 Rc5 34. g3 f4 35. a4 fxg3 36. hxg3 h5 37. Bd4 Rc2 38. Be3+ Kf5 39. a5 Ne5
40. a6 Nxf3+ 41. Kf1 Ke4 42. Bf4 Rc8 43. a7 Ra8 44. Kg2 h4 45. Ra4+ Nd4 46.
gxh4 Kxf4 47. Rxd4+ Kf5 48. Ra4 Kg6 49. Ra5 Kh6 50. h5 Kh7 51. Ra6 Kg7 52. Kg3
Kh7 53. Kf4 Kg7 54. Ke5 1-0

[Event "?"]
[Site "?"]
[Date "1998.??.??"]
[Round "8.14"]
[White "Borisenko, G."]
[Black "Winiwarter, F."]
[Result "0-1"]
[WhiteElo "2375"]
[BlackElo "2200"]
[PlyCount "70"]
[EventDate "1998.??.??"]

1. d4 Nf6 2. c4 g6 3. Nc3 Bg7 4. e4 d6 5. Be2 O-O 6. Bg5 c5 7. d5 b5 8. cxb5 a6
9. a4 h6 10. Bd2 e6 11. dxe6 Bxe6 12. Nf3 axb5 13. Bxb5 Na6 14. O-O Nc7 15. Bd3
d5 16. exd5 Ncxd5 17. Re1 Qc8 18. Rc1 Nb4 19. Bf1 Rd8 20. Ne5 Ng4 21. Nxg4 Bxg4
22. f3 Bf5 23. g4 Bd3 24. Bg2 Ba6 25. Ne4 Nd3 26. Rc3 Nxe1 27. Qxe1 f5 28. gxf5
gxf5 29. Nf2 Bd4 30. Bxh6 Re8 31. Qc1 Qe6 32. Bf1 Bxf1 33. Qxf1 Qxh6 34. f4
Bxc3 35. bxc3 Kh8 0-1

[Event "?"]
[Site "?"]
[Date "1998.??.??"]
[Round "8.15"]
[White "Dornieden, M."]
[Black "Beszterczey, L."]
[Result "1/2-1/2"]
[WhiteElo "2270"]
[BlackElo "2115"]
[PlyCount "105"]
[EventDate "1998.??.??"]

1. c4 g6 2. g3 Bg7 3. Bg2 d6 4. Nf3 e5 5. O-O Ne7 6. Nc3 O-O 7. d3 Nd7 8. Rb1
f5 9. Qc2 h6 10. b4 g5 11. Bb2 Ng6 12. c5 Nf6 13. cxd6 cxd6 14. Nd2 Be6 15.
Bxb7 Rb8 16. Bg2 Rxb4 17. Ba3 Rxb1 18. Rxb1 Rf7 19. Nb5 Bf8 20. Rc1 d5 21. Bxf8
Nxf8 22. Nb3 Qb6 23. Nc7 Rd7 24. e3 d4 25. Nxe6 Nxe6 26. exd4 Rc7 27. Qd2 Nxd4
28. Nxd4 exd4 29. Re1 Qc5 30. Qe2 Kf8 31. Qf3 Kf7 32. h3 Re7 33. Rb1 Kg6 34.
Kh2 g4 35. Qd1 Qe5 36. Rb2 h5 37. h4 f4 38. Bc6 Qd6 39. Be4+ Nxe4 40. dxe4
fxg3+ 41. fxg3 Qe5 42. Qb3 Qxe4 43. Qg8+ Rg7 44. Qd8 Qe5 45. Rd2 Rc7 46. Rf2
Kh7 47. a4 a5 48. Qb8 Kg7 49. Rd2 d3 50. Qd8 Rc3 51. Rf2 Rc2 52. Qd7+ Kg8 53.
Qd8+ 1/2-1/2

[Event "?"]
[Site "?"]
[Date "1998.??.??"]
[Round "8.17"]
[White "Franck, R."]
[Black "Somogyi, I."]
[Result "1/2-1/2"]
[WhiteElo "2137"]
[BlackElo "2230"]
[PlyCount "106"]
[EventDate "1998.??.??"]

1. d4 Nf6 2. e3 e6 3. Bd3 b6 4. f4 Bb7 5. Nf3 c5 6. c3 Be7 7. O-O O-O 8. Nbd2
d5 9. Ne5 Ne4 10. Qf3 f5 11. Qe2 Nc6 12. Ndf3 Rc8 13. Nxc6 Bxc6 14. Ne5 Nd6 15.
Bd2 c4 16. Bc2 b5 17. a4 bxa4 18. Nxc6 Rxc6 19. Rxa4 Qb8 20. Rfa1 Nc8 21. Bc1
Rb6 22. R4a2 Bd6 23. Bd1 Rf7 24. Qc2 g5 25. g3 g4 26. Ra6 Rfb7 27. Qa4 Kf7 28.
Ra5 Be7 29. e4 Rb5 30. Rxb5 Rxb5 31. exf5 exf5 32. Bc2 Kf6 33. Qa2 Rb6 34. Qa4
Rb5 35. Bd1 a5 36. Qc2 Nd6 37. Qe2 Ne4 38. Bc2 h5 39. Bxe4 fxe4 40. f5 Kf7 41.
Qf2 Qd6 42. Bf4 Qb6 43. Ra2 Bf6 44. h3 Qd8 45. hxg4 hxg4 46. Qh2 Qh8 47. Qxh8
Bxh8 48. Bc7 Bg7 49. Bxa5 Bh6 50. Kf2 Kf6 51. Bb4 Kxf5 52. Ra6 Bg5 53. Ke2 Bf6
1/2-1/2

[Event "?"]
[Site "?"]
[Date "1998.??.??"]
[Round "8.18"]
[White "Breustedt, W."]
[Black "Hoeschele, H."]
[Result "0-1"]
[WhiteElo "2230"]
[BlackElo "2084"]
[PlyCount "128"]
[EventDate "1998.??.??"]

1. e4 d6 2. d4 Nd7 3. f4 Ngf6 4. Nc3 e5 5. Nf3 exd4 6. Qxd4 Nc5 7. Bd3 Be7 8.
Bd2 c6 9. h3 Ne6 10. Qf2 Qb6 11. Qxb6 axb6 12. g4 Nc5 13. Kf2 Nxd3+ 14. cxd3 b5
15. a3 O-O 16. d4 Ne8 17. b4 Bd7 18. a4 Nc7 19. axb5 cxb5 20. d5 Na6 21. Ne2
Rfc8 22. Rhc1 Rc4 23. Rxc4 bxc4 24. Ned4 Nc7 25. Rxa8+ Nxa8 26. Bc3 Nc7 27. Nd2
b5 28. Ke3 g5 29. Nf5 Bxf5 30. gxf5 gxf4+ 31. Kxf4 Bh4 32. Nf3 Bf2 33. Nh2 Kf8
34. f6 Na8 35. Ng4 Bg1 36. e5 Nb6 37. Ke4 dxe5 38. Nxe5 Ke8 39. Nf3 Bf2 40. Bd4
Bxd4 41. Nxd4 c3 42. Kd3 Nxd5 43. Nxb5 Nxb4+ 44. Kxc3 Nd5+ 45. Kd4 Nxf6 46. Ke5
Ke7 47. Kf5 Ng8 48. Nd4 h6 49. Nc6+ Kf8 50. Ne5 Kg7 51. Nf3 Ne7+ 52. Kg4 f5+
53. Kg3 Kf6 54. Nh4 Ng6 55. Ng2 Ke5 56. Kf3 h5 57. Ne1 f4 58. Kf2 Ke4 59. Nf3
Ne5 60. Nd2+ Kf5 61. Kg2 Nf7 62. Kf2 Ng5 63. Kg2 h4 64. Nc4 f3+ 0-1

[Event "?"]
[Site "?"]
[Date "1998.??.??"]
[Round "8.19"]
[White "Huguet, B."]
[Black "Lainburg, V."]
[Result "0-1"]
[WhiteElo "2135"]
[BlackElo "2230"]
[PlyCount "114"]
[EventDate "1998.??.??"]

1. c4 g6 2. Nc3 Bg7 3. g3 Nf6 4. Bg2 O-O 5. d3 d6 6. e4 e5 7. Nge2 c6 8. O-O a6
9. a4 a5 10. h3 Na6 11. Be3 Re8 12. d4 exd4 13. Nxd4 Nc5 14. Qc2 Qe7 15. f3 d5
16. cxd5 cxd5 17. Nb3 Nxb3 18. Qxb3 dxe4 19. fxe4 Be6 20. Qc2 g5 21. Qf2 g4 22.
h4 Nh5 23. Bf4 Nxf4 24. Qxf4 Bxc3 25. bxc3 Rac8 26. e5 Rc4 27. Qh6 Qc5+ 28. Kh2
Qxe5 29. Rae1 Qg7 30. Qxg7+ Kxg7 31. Bxb7 Rb8 32. Rb1 Rxc3 33. Bg2 Rxb1 34.
Rxb1 Rc4 35. Ra1 Kf8 36. Bf1 Rc2+ 37. Kg1 Ke7 38. Rd1 f5 39. Rd4 Rb2 40. Bb5
Rb4 41. Rxb4 axb4 42. Bd3 Kd6 43. Kf2 Kc5 44. Ke3 Kb6 45. Kf4 b3 46. Ke5 Ka5
47. Kxe6 f4 48. gxf4 g3 49. Be4 b2 50. f5 g2 51. Bxg2 b1=Q 52. Bd5 Qe1+ 53. Kf7
Kb6 54. f6 Kc5 55. Bb7 Kd6 56. Kg7 Qxh4 57. f7 Qg5+ 0-1

[Event "?"]
[Site "?"]
[Date "1998.??.??"]
[Round "8.21"]
[White "Secula, V."]
[Black "Papapostolou, C."]
[Result "1-0"]
[WhiteElo "2080"]
[BlackElo "2180"]
[PlyCount "97"]
[EventDate "1998.??.??"]

1. d4 d5 2. Nf3 c6 3. Bf4 Qb6 4. Qc1 Bf5 5. Nbd2 Na6 6. a3 c5 7. e3 Nf6 8. h3
cxd4 9. exd4 Rc8 10. c3 e6 11. Be2 Bd6 12. Bxd6 Qxd6 13. Bb5+ Ke7 14. O-O Nc7
15. Be2 Nh5 16. Nh4 Nf4 17. Nxf5+ exf5 18. Re1 Nce6 19. Nf3 g5 20. Bf1 Kf6 21.
g3 Ng6 22. Qd2 g4 23. hxg4 fxg4 24. Ne5 h5 25. Bd3 Rc7 26. Bxg6 fxg6 27. Qe3
Ng7 28. Qf4+ Nf5 29. Nd3 h4 30. Qxd6+ Nxd6 31. Nf4 Rd7 32. Re6+ Kf5 33. Re5+
Kf6 34. Nxd5+ Kf7 35. Ne3 hxg3 36. fxg3 Rh3 37. Rf1+ Kg8 38. Kg2 Rdh7 39. Nxg4
Kh8 40. Rf8+ Kg7 41. Rd8 Nf5 42. Rd7+ Kf8 43. Rxh7 Rxh7 44. Ne3 Ne7 45. d5 Kf7
46. c4 b6 47. a4 Rh8 48. b3 Rc8 49. Re6 1-0

[Event "?"]
[Site "?"]
[Date "1998.??.??"]
[Round "8.23"]
[White "Badestein, H."]
[Black "Biberger, H."]
[Result "1-0"]
[WhiteElo "2155"]
[BlackElo "2036"]
[PlyCount "167"]
[EventDate "1998.??.??"]

1. e4 c5 2. Nf3 d6 3. d4 cxd4 4. Nxd4 e6 5. Nc3 a6 6. a4 Nf6 7. Be2 Be7 8. O-O
Nc6 9. Be3 Qc7 10. f4 Bd7 11. Kh1 Rc8 12. Qe1 Nxd4 13. Bxd4 Bc6 14. Bd3 g6 15.
a5 O-O 16. f5 gxf5 17. Nd5 { } 17... Bxd5 18. exd5 e5 19. Bb6 Qd7 20. Rxf5 Ne8
21. Qg3+ Ng7 22. Raf1 Qa4 23. Qh3 Qh4 24. Qxh4 Bxh4 25. R5f3 f5 26. Rh3 Be7 27.
c4 e4 28. Be2 Bf6 29. Rb3 Be5 30. g3 h5 31. Be3 Rf7 32. Bf4 Bxf4 33. Rxf4 Kh7
34. Rb6 Rd7 35. Kg2 Kg6 36. Kf2 Kf6 37. Ke3 Ke5 38. Rh4 Rdc7 39. Rb4 Rb8 40.
Ra4 Rbc8 41. b3 Rh8 42. Ra1 Rh6 43. Rf1 Rc8 44. Bd1 Rc5 45. Bc2 Rxa5 46. Bxe4
b5 47. Bd3 Ra3 48. Rhf4 Rf6 49. Kd2 Rf8 50. Re1+ Kf6 51. cxb5 axb5 52. Kc3 Ra2
53. h3 Rg2 54. Re3 Rc8+ 55. Kb4 Rc5 56. Be4 Rd2 57. Bf3 Rf2 58. h4 Rf1 59. Re2
Rg1 60. Be4 Rd1 61. Bxf5 Nxf5 62. Re6+ Kg7 63. Rxf5 Rdxd5 64. Rxd5 Rxd5 65.
Re7+ Kf6 66. Rb7 Ke5 67. Rg7 Kf6 68. Rg8 Rc5 69. Rh8 Rd5 70. Rh6+ Kg7 71. Re6
Kf7 72. Re4 Kf6 73. g4 hxg4 74. Rxg4 Rh5 75. Ka5 Ke6 76. Kb6 Kf5 77. Rg5+ Rxg5
78. hxg5 Kxg5 79. Kc6 Kf5 80. Kxd6 b4 81. Kc5 Ke5 82. Kxb4 Kd6 83. Kb5 Kc7 84.
Ka6 1-0

[Event "?"]
[Site "?"]
[Date "1998.??.??"]
[Round "8.24"]
[White "Weigel, H."]
[Black "Tscherne, J."]
[Result "0-1"]
[WhiteElo "2240"]
[BlackElo "2025"]
[PlyCount "174"]
[EventDate "1998.??.??"]

1. e4 e5 2. Nf3 d6 3. d4 Nd7 4. Bc4 c6 5. O-O Be7 6. dxe5 dxe5 7. Ng5 Bxg5 8.
Qh5 Qe7 9. Bxg5 Ngf6 10. Qe2 O-O 11. a4 Re8 12. Nc3 Nc5 13. Rae1 h6 14. f4 exf4
15. Bxf4 Be6 16. e5 Bxc4 17. Qxc4 Nfd7 18. Bg3 Nb6 19. Qg4 Qe6 20. Qd4 Qc4 21.
Qf2 Rf8 22. Bh4 Rae8 23. Qg3 Nd5 24. Nxd5 Qxd5 25. Bf6 Ne6 26. Rf4 Kh7 27. Ref1
Rg8 28. Rh4 Qd2 29. Qh3 { } 29... gxf6 30. Rxf6 Rg6 31. Rxf7+ Kg8 32. Rf2 Qg5
33. Rf5 Qd2 34. Rf2 Qe1+ 35. Rf1 Qxe5 36. Rxh6 Qd4+ 37. Kh1 Qg7 38. Rxg6 Qxg6
39. Qb3 Re7 40. h3 Kh7 41. Qb4 Rg7 42. Qh4+ Kg8 43. Rf2 Qg5 44. Qe4 Qd5 45. Qe3
b6 46. Rd2 Qf5 47. Rf2 Qg6 48. Rd2 c5 49. c3 Kh7 50. Re2 Ng5 51. Qg3 Rd7 52.
Re5 Nf7 53. Qh4+ Kg7 54. Re4 Rd1+ 55. Re1 Rd2 56. Qe4 Rxb2 57. Qb7 Qg3 58. Rf1
Rf2 59. Rxf2 Qxf2 60. Qxa7 Qe1+ 61. Kh2 Qxc3 62. Qxb6 Qe5+ 63. Kg1 c4 64. Qc6
c3 65. Qc4 Qe3+ 66. Kf1 Qc1+ 67. Kf2 Qd2+ 68. Qe2 Qd4+ 69. Qe3 Qc4 70. a5 Qa2+
71. Ke1 Qxa5 72. Qd4+ Ne5 73. Kd1 Qa1+ 74. Ke2 Qa5 75. Kd1 Qa1+ 76. Ke2 Qb2+
77. Ke1 Qc1+ 78. Ke2 Qb2+ 79. Ke1 Qb1+ 80. Ke2 Qb5+ 81. Kd1 Qb3+ 82. Ke2 Kf6
83. Qd6+ Kf5 84. g4+ Ke4 85. Qc5 Qb2+ 86. Kf1 Qb3 87. Kf2 c2 0-1

[Event "?"]
[Site "?"]
[Date "1998.??.??"]
[Round "8.25"]
[White "Tochtermann, G."]
[Black "Rost, V."]
[Result "0-1"]
[WhiteElo "2075"]
[BlackElo "2280"]
[PlyCount "120"]
[EventDate "1998.??.??"]

1. e4 d6 2. Nc3 Nf6 3. g3 g6 4. Bg2 Bg7 5. Nge2 O-O 6. O-O c6 7. h3 e5 8. d3
Na6 9. Be3 Be6 10. d4 Qe7 11. Qd2 Nc7 12. Bg5 Bc4 13. b3 exd4 14. Qxd4 Bxe2 15.
Nxe2 h6 16. Bf4 Nfe8 17. Qd2 g5 18. Be3 Bxa1 19. Rxa1 Ne6 20. c4 Nc5 21. Nc3
Ng7 22. f4 f5 23. fxg5 Nxe4 24. Nxe4 fxe4 25. gxh6 Nf5 26. Bf4 Rae8 27. Rd1 e3
28. Qe2 Qf6 29. Qg4+ Kh8 30. Re1 Rg8 31. Qf3 Nxg3 32. Rxe3 Ne2+ 33. Rxe2 Rxe2
34. Qxe2 Qxf4 35. Kh1 Qxh6 36. Qb2+ Qg7 37. Qe2 Qg5 38. Qb2+ Kh7 39. Qf2 Kh8
40. Qd4+ Rg7 41. Qf2 Kg8 42. Qe2 Kf7 43. Qf2+ Ke7 44. Bf3 Qc1+ 45. Kh2 Qf4+ 46.
Kh1 Kd8 47. Qe2 Rg3 48. Bg2 Re3 49. Qf1 Qg3 50. Qf5 Re1+ 51. Bf1 Qe5 52. Qf2
Qe4+ 53. Kg1 Qe3 54. Qxe3 Rxe3 55. Kf2 Rc3 56. h4 Ke7 57. Be2 Rc2 58. Ke3 Rxa2
59. h5 Kf6 60. Bd1 Rh2 0-1

[Event "?"]
[Site "?"]
[Date "1998.??.??"]
[Round "8.75"]
[White "Ziltener, W."]
[Black "Holzinger, R."]
[Result "0-1"]
[WhiteElo "2004"]
[BlackElo "1561"]
[PlyCount "71"]
[EventDate "1998.??.??"]

1. Nf3 d5 2. d4 Nc6 3. c4 Bf5 4. Nc3 Nf6 5. Bf4 e6 6. c5 a6 7. Qa4 Nd7 8. e3 f6
9. b4 g5 10. Bg3 h5 11. h4 g4 12. Nd2 Na7 13. Qb3 c6 14. a4 b5 15. e4 Bg6 16.
Be2 Bh6 17. exd5 exd5 18. Qb2 O-O 19. O-O f5 20. axb5 Nxb5 21. Nxb5 axb5 22.
Rxa8 Qxa8 23. Bd6 Re8 24. Bd3 Qd8 25. g3 Qf6 26. Nb3 f4 27. Qc2 Bxd3 28. Qxd3
Re4 29. f3 Re3 30. Qc2 gxf3 31. Rf2 fxg3 32. Bxg3 Qg7 33. Kh2 Nf6 34. Rd2 Ne4
35. Be5 Qg4 36. Kh1 0-1